[Event "Erbil zt 3.1"]
[Site "Erbil"]
[Date "2025.04.14"]
[Round "8"]
[White "Ahmed, Ali Layth Ahmed"]
[Black "Mohammed, Latif Hamid"]
[Result "1-0"]
[WhiteElo "2220"]
[BlackElo "2031"]
[PlyCount "43"]
[EventDate "2025.04.08"]
[EventType "swiss"]
[EventRounds "9"]
[EventCountry "IRQ"]
[SourceTitle "CB16_2025"]
[SourceDate "2025.04.16"]
[SourceVersion "1"]
[SourceVersionDate "2025.04.16"]
[SourceQuality "1"]

1. Nf3 g6 2. c4 Bg7 3. Nc3 c5 4. g3 Nc6 5. Bg2 e6 6. 0-0 Nge7 7. d4 cxd4 8. Nb5 0-0 9. Nbxd4 Nxd4 10. Nxd4 Qc7 11. Nb5 Qxc4 12. Nd6 Qc7 13. Bf4 e5 14. Bg5 Nc6 15. Rc1 Qb6 16. Qd2 a5 17. Bd5 Qd4 18. Rfd1 Qg4 19. Rc4 Nd4 20. Kg2 e4 21. h3 Qh5 22. g4 1-0

[Event "Erbil zt 3.1"]
[Site "Erbil"]
[Date "2025.04.11"]
[Round "5"]
[White "Mohammed, Latif Hamid"]
[Black "Ameer, Hayder Jawad Mubara"]
[Result "0-1"]
[WhiteElo "2031"]
[BlackElo "1954"]
[PlyCount "116"]
[EventDate "2025.04.08"]
[EventType "swiss"]
[EventRounds "9"]
[EventCountry "IRQ"]
[SourceTitle "CB16_2025"]
[SourceDate "2025.04.16"]
[SourceVersion "1"]
[SourceVersionDate "2025.04.16"]
[SourceQuality "1"]

1. Nf3 d5 2. g3 Bg4 3. Bg2 c6 4. 0-0 e6 5. d3 Bd6 6. c4 Nf6 7. Nc3 0-0 8. Re1 dxc4 9. dxc4 Qc7 10. Bg5 Nbd7 11. Qc2 h6 12. Bd2 a5 13. a3 Rfd8 14. e4 e5 15. h3 Be6 16. Rad1 Bxc4 17. Be3 Be6 18. g4 Nf8 19. g5 hxg5 20. Nxg5 Bd7 21. Qb3 Be8 22. Bb6 Qe7 23. Bxd8 Rxd8 24. Nf3 Ne6 25. Qc2 b5 26. Ne2 a4 27. Ng3 g6 28. Qc1 Nf4 29. Ne2 Nxg2 30. Kxg2 Nxe4 31. Qh6 Qa7 32. Qh4 f5 33. Ng5 Qe7 34. Nf3 Qa7 35. Ng5 Qe7 36. f4 exf4 37. Nf3 g5 38. Qh6 g4 39. Kh2 gxf3 40. Nd4 f2 41. Rg1+ fxg1Q+ 42. Rxg1+ Ng3 43. Nxf5 Qe5 44. Qg5+ Kf7 45. Nh6+ Kf8 46. Qg8+ Ke7 47. Ng4 Qe2+ 48. Rg2 f3 49. Rxe2+ fxe2 50. Qh7+ Ke6 51. Qb1 Bf4 52. Nf2 Rd1 53. Qa2+ Ke7 54. Nd3 Rxd3 55. Qb1 Nf5+ 56. Kg2 Nh4+ 57. Kf2 Bg3+ 58. Kxe2 Bh5+ 0-1

[Event "Erbil zt 3.1"]
[Site "Erbil"]
[Date "2025.04.10"]
[Round "3"]
[White "Mohammed, Latif Hamid"]
[Black "Dyar, Jaza Bakir"]
[Result "1-0"]
[WhiteElo "2031"]
[BlackElo "1927"]
[PlyCount "90"]
[EventDate "2025.04.08"]
[EventType "swiss"]
[EventRounds "9"]
[EventCountry "IRQ"]
[SourceTitle "CB16_2025"]
[SourceDate "2025.04.16"]
[SourceVersion "1"]
[SourceVersionDate "2025.04.16"]
[SourceQuality "1"]

1. Nf3 d5 2. g3 Nf6 3. c4 c6 4. Qc2 Bg4 5. Bg2 e6 6. 0-0 Be7 7. b3 0-0 8. Bb2 a5 9. a3 Re8 10. d3 h6 11. Ne5 Bf5 12. Nd2 d4 13. Ndf3 c5 14. e3 dxe3 15. fxe3 Qc7 16. Bc3 Nbd7 17. Qb2 Bf8 18. Rad1 Rad8 19. e4 Bg4 20. h3 Bxf3 21. Rxf3 Re7 22. Rdf1 Nxe5 23. Bxe5 Qd7 24. Qf2 Ne8 25. Qxc5 f6 26. Bb2 a4 27. b4 Rf7 28. Qh5 Kh7 29. Re3 g6 30. Qe2 e5 31. Ref3 Re7 32. h4 Bg7 33. Kh2 Nc7 34. Bh3 Ne6 35. h5 g5 36. Qf2 Rf8 37. Bxe5 Kg8 38. Bxf6 Ref7 39. Qb2 Qe8 40. Bg4 Bxf6 41. Rxf6 Ng7 42. Qd4 Qe7 43. Qd5 Ne8 44. Rxf7 Rxf7 45. Rxf7 Qxf7 1-0

[Event "IRQ-ch"]
[Site "Sulaymaniyah"]
[Date "2023.10.29"]
[Round "7"]
[White "Ahmed, Jaza Jamal"]
[Black "Mohammed, Latif Hamid"]
[Result "0-1"]
[WhiteElo "2015"]
[BlackElo "2090"]
[PlyCount "116"]
[EventDate "2023.10.25"]
[EventType "tourn"]
[EventRounds "11"]
[EventCountry "IRQ"]
[SourceTitle "CBM 216 Extra"]
[Source "ChessBase"]
[SourceDate "2023.11.30"]
[SourceVersion "1"]
[SourceVersionDate "2023.11.30"]
[SourceQuality "1"]

1. d4 Nf6 2. Nc3 d5 3. Bf4 a6 4. e3 c5 5. dxc5 Qa5 6. Nf3 Nc6 7. Qd2 Qxc5 8. a3 e6 9. h3 Be7 10. Be2 0-0 11. 0-0 b5 12. Nd4 Bb7 13. Bf3 Qb6 14. Nxc6 Bxc6 15. Rfd1 Rfd8 16. Qe1 Rac8 17. Be5 Qb7 18. Ne2 Nd7 19. Bd4 a5 20. b3 b4 21. axb4 Bxb4 22. c3 Bd6 23. Rxa5 e5 24. Ba7 Ra8 25. Raxd5 Be7 26. Ng3 Rxa7 27. Nf5 Bf6 28. Qe2 Bxd5 29. Bxd5 Qb6 30. Qg4 Nc5 31. Nh6+ Kf8 32. Nxf7 Rxf7 33. Bxf7 Rxd1+ 34. Qxd1 Kxf7 35. b4 Ne6 36. Qd5 Qd8 37. Qb7+ Qc7 38. Qe4 Qxc3 39. g3 h6 40. h4 Qe1+ 41. Kg2 Qd1 42. b5 Qd6 43. Kh2 Bd8 44. f4 exf4 45. exf4 Bb6 46. h5 Nc7 47. Qc2 Kg8 48. Qf5 Qd5 49. Qg6 Qxb5 50. f5 Bd4 51. Kh3 Qe8 52. Qg4 Bf6 53. Kg2 Qc6+ 54. Kh2 Nd5 55. Qe4 Ne7 56. Qd3 Qd5 57. Qe2 Qxf5 58. g4 Qe5+ 0-1

[Event "Baghdad op 5th"]
[Site "Baghdad"]
[Date "2017.03.19"]
[Round "6"]
[White "Mohammed, Zozek Salah Mohamme"]
[Black "Mohammed, Latif Hamid"]
[Result "1-0"]
[WhiteElo "2289"]
[BlackElo "2061"]
[PlyCount "123"]
[EventDate "2017.03.16"]
[EventType "swiss"]
[EventRounds "9"]
[EventCountry "IRQ"]
[SourceTitle "CBM 177 Extra"]
[Source "ChessBase"]
[SourceDate "2017.04.27"]
[SourceVersion "1"]
[SourceVersionDate "2017.04.27"]
[SourceQuality "1"]

1. d4 d5 2. c4 c6 3. Nf3 Nf6 4. cxd5 cxd5 5. Nc3 a6 6. Bf4 b5 7. e3 e6 8. Rc1 Bd6 9. Bxd6 Qxd6 10. Nxb5 Qb4+ 11. Qd2 Qxd2+ 12. Nxd2 Kd7 13. Nc3 Nc6 14. Nb3 Rb8 15. Be2 Kd6 16. 0-0 Re8 17. Rfd1 Re7 18. Rd2 Reb7 19. Na4 Ne4 20. Rdc2 Nb4 21. Rxc8 Rxc8 22. Rxc8 Nxa2 23. Nbc5 Nxc5 24. dxc5+ Kd7 25. c6+ Kxc8 26. cxb7+ Kxb7 27. Nc5+ Kb6 28. Nxa6 Nc1 29. Bf1 Nb3 30. Nb4 Kc5 31. Nc2 e5 32. f3 f5 33. Kf2 f4 34. exf4 exf4 35. Bd3 h6 36. Bg6 Kd6 37. Ke2 Ke5 38. Kd3 d4 39. Ne1 Kf6 40. Bh7 Ke5 41. Kc2 Na1+ 42. Kb1 Nb3 43. Nd3+ Kd6 44. Nxf4 Nd2+ 45. Kc2 Nf1 46. Kd3 Nxh2 47. Ke2 g5 48. Nd3 g4 49. Kf2 h5 50. Bf5 Ke7 51. b4 Kd6 52. Bg6 h4 53. Bf5 h3 54. gxh3 Nxf3 55. hxg4 Ng5 56. Kg3 Kd5 57. Kh4 Nf3+ 58. Kh5 Nd2 59. g5 Kd6 60. g6 Ke7 61. g7 Kf7 62. Kh6 1-0

[Event "Baghdad op 4th"]
[Site "Baghdad"]
[Date "2016.03.21"]
[Round "2"]
[White "Mohammed, Latif Hamid"]
[Black "Alzaim, Talal"]
[Result "1/2-1/2"]
[WhiteElo "2068"]
[BlackElo "2226"]
[PlyCount "51"]
[EventDate "2016.03.20"]
[EventType "swiss"]
[EventRounds "9"]
[EventCountry "IRQ"]
[SourceTitle "EXT 2017"]
[Source "ChessBase"]
[SourceDate "2016.10.25"]
[SourceVersion "1"]
[SourceVersionDate "2016.10.25"]
[SourceQuality "1"]

1. Nf3 d5 2. g3 Nf6 3. Bg2 c6 4. c4 Bf5 5. 0-0 e6 6. d3 Nbd7 7. cxd5 exd5 8. Nc3 Be7 9. Qc2 0-0 10. e4 Bg6 11. Nh4 Nb6 12. Nxg6 hxg6 13. Bg5 Re8 14. Rfe1 Nfd7 15. Be3 Bf6 16. exd5 Bxc3 17. Qxc3 Nxd5 18. Bxd5 cxd5 19. Bd4 Rxe1+ 20. Rxe1 Nf6 21. Qa3 Qc7 22. Re7 Qc6 23. Qc3 Qa6 24. Qc7 Rf8 25. Qc3 Qxa2 26. Rxb7 1/2-1/2

[Event "IRQ-ch"]
[Site "Baghdad"]
[Date "2015.09.19"]
[Round "8"]
[White "Ismael Namir, Mohammed Ismael"]
[Black "Mohammed, Latif Hamid"]
[Result "1/2-1/2"]
[WhiteElo "2239"]
[BlackElo "2124"]
[PlyCount "62"]
[EventDate "2015.09.14"]
[EventType "tourn"]
[EventRounds "11"]
[EventCountry "IRQ"]
[SourceTitle "EXT 2016"]
[Source "ChessBase"]
[SourceDate "2015.10.08"]
[SourceVersion "1"]
[SourceVersionDate "2015.10.08"]
[SourceQuality "1"]

1. c4 Nf6 2. Nf3 g6 3. g3 Bg7 4. Bg2 0-0 5. 0-0 d6 6. d4 c6 7. b3 Qa5 8. Bb2 Qh5 9. Nbd2 Bf5 10. Re1 Ne4 11. Nh4 Nxd2 12. Nxf5 Qxf5 13. Qxd2 e5 14. Qb4 Qc8 15. dxe5 dxe5 16. Rad1 Na6 17. Qa5 Re8 18. e3 Bf8 19. a3 Nc5 20. Qc3 Qc7 21. Rd2 a5 22. Red1 Qb6 23. b4 axb4 24. axb4 Na4 25. Qb3 Nc5 26. Qc3 Na4 27. Qb3 Nc5 28. Qc3 Na4 29. Qb3 Nc5 30. Qc3 Na4 31. Qb3 Nc5 1/2-1/2

[Event "IRQ-ch"]
[Site "Baghdad"]
[Date "2015.09.16"]
[Round "3"]
[White "Mohammed, Latif Hamid"]
[Black "Abbas, Hussein Kzar"]
[Result "0-1"]
[WhiteElo "2124"]
[BlackElo "1892"]
[PlyCount "82"]
[EventDate "2015.09.14"]
[EventType "tourn"]
[EventRounds "11"]
[EventCountry "IRQ"]
[SourceTitle "EXT 2016"]
[Source "ChessBase"]
[SourceDate "2015.10.08"]
[SourceVersion "1"]
[SourceVersionDate "2015.10.08"]
[SourceQuality "1"]

1. b3 Nf6 2. Bb2 g6 3. Bxf6 exf6 4. c4 Bg7 5. Nc3 0-0 6. Nf3 d6 7. g3 Nc6 8. Bg2 f5 9. Rc1 Ne5 10. 0-0 c6 11. d4 Nxf3+ 12. Bxf3 Qf6 13. e3 g5 14. Ne2 h5 15. h4 gxh4 16. Nf4 hxg3 17. Nxh5 Qg5 18. Kg2 Re8 19. Rg1 Re6 20. Kf1 Rg6 21. Nf4 Rh6 22. Rxg3 Qh4 23. Ke2 Kf8 24. Qd2 Bh8 25. Rcg1 Ke7 26. Rg8 a5 27. a4 Kd7 28. Qd3 Kc7 29. c5 dxc5 30. dxc5 Qe7 31. Rh1 Rxh1 32. Bxh1 Be5 33. Qc4 Rb8 34. b4 Be6 35. Nxe6+ Qxe6 36. Qxe6 fxe6 37. Rg6 axb4 38. Rxe6 b3 39. Kd2 Rd8+ 40. Kc1 b2+ 41. Kc2 Rd1 0-1